000 00483cam a22001934a 4500
005 20250605164154.0
008 250528s ||||||||||||||||||||||||d
035 _a19525
020 _a521305470
040 _aGR-AtMCL
_bgre
_dGR-AtMCL
_eAACR2
245 1 _aREGIONAL VARIATIONS IN THE EUROPEAN COMMUNITY
250 _a1
260 _bCambridge University Press,
_c1986
300 _a128
700 1 _aClout Hugh
_93432
942 _cBK
999 _c4781
_d4781